00825nam a22002537a 4500999001500000001000600015003000900021005001700030008004100047020001800088040002800106082001600134100002500150245008800175250001300263260003000276300004700306500002000353650002900373700002200402700002100424942001200445952011400457 c6783d678320358BD-DhUAP20210107114419.0210107s217 ii a b 001 0 eng  a9789332542228 aDLCcDLCdBD-DhUAPbeng00a658 ROB223 aRobbins, Stephen P. 10aOrganizational behavior /cStephen P. Robbins, Timothy A. Judge and Neharika Vohra. a16th ed. aDelhi :bPearson,cc2017. axxix, 690 pages :billustrations ;c26 cm. aIncludes index. 0aOrganizational behavior. aJudge, Timothy A. aVohra, Neharika. 2ddccBK 00102ddc4070aDBASLbDBASLcGeneral Stacksd2021-01-07o658 ROBp3010020358r2021-01-07t1w2021-01-07yBK